| 000 | 00656nam a2200205Ia 4500 | ||
|---|---|---|---|
| 003 | GCL | ||
| 008 | 140319s9999 xx 000 0 ara d | ||
| 040 |
_aGCL / _cGCL |
||
| 082 | 0 | 4 |
_a152.8 _bم ت |
| 100 | 1 | _aمجدى عبدالكريم حبيب | |
| 245 | 1 | 0 |
_aالتقويم والقياس فى التربية وعلم النفس / _cمجدى عبدالكريم حبيب |
| 300 | _a534 ص | ||
| 490 |
_aالهيئة العامة للاستعلامات _v0 |
||
| 650 | 0 | 4 | _aالتربية |
| 650 | 0 | 4 | _aعلم النفس |
| 650 | 0 | 4 | _aالقياس |
| 650 | 0 | 4 | _aالقياس التربوى |
| 650 | 0 | 4 | _aالقياس النفسى |
| 942 |
_2ddc _cBK |
||
| 999 |
_c49170 _d49170 |
||